000 00470nam a22001817a 4500
999 _c7007
_d7007
003 OSt
005 20210824104717.0
008 210824b ||||| |||| 00| 0 eng d
020 _a071676010x
040 _cDDC
082 _a595.79GOU1998
245 _aThe Honey Bee:
_cGould,James L;
260 _aNew York,
_bScientific african Library,
_c1998.
300 _aix,239p;
_bcol,ill;
_c25cm.
504 _aincludes index.
650 _abiology
_95602
942 _2ddc
_cO_SHELF